<?xml version="1.0" encoding="UTF-8"?>
<collection xmlns:xsi="http://www.w3.org/2001/XMLSchema-instance" xsi:schemaLocation="http://www.loc.gov/MARC21/slim http://www.loc.gov/standards/marcxml/schema/MARC21slim.xsd" xmlns="http://www.loc.gov/MARC21/slim">
 <record>
  <leader>00000cam a22000001a 4500</leader>
  <controlfield tag="001">UP-99796217610801618</controlfield>
  <controlfield tag="003">Buklod</controlfield>
  <controlfield tag="005">20240425141105.0</controlfield>
  <controlfield tag="006">aa    r     ||| u </controlfield>
  <controlfield tag="007">ta</controlfield>
  <controlfield tag="008">240425s2011    enka    rb   |001 0|eng d</controlfield>
  <datafield tag="020" ind1=" " ind2=" ">
   <subfield code="a">9781847202031 (alk. paper)</subfield>
  </datafield>
  <datafield tag="020" ind1=" " ind2=" ">
   <subfield code="a">1847202039 (alk. paper)</subfield>
  </datafield>
  <datafield tag="035" ind1=" " ind2=" ">
   <subfield code="a">(iLib)UPD-00199205151</subfield>
  </datafield>
  <datafield tag="040" ind1=" " ind2=" ">
   <subfield code="a">DECON</subfield>
   <subfield code="e">rda</subfield>
  </datafield>
  <datafield tag="041" ind1="0" ind2=" ">
   <subfield code="a">eng</subfield>
  </datafield>
  <datafield tag="042" ind1=" " ind2=" ">
   <subfield code="a">DMLUC</subfield>
  </datafield>
  <datafield tag="090" ind1=" " ind2=" ">
   <subfield code="a">HE 151</subfield>
   <subfield code="b">H35 2011</subfield>
  </datafield>
  <datafield tag="245" ind1="0" ind2="2">
   <subfield code="a">A handbook of transport economics</subfield>
   <subfield code="c">edited by Andre de Palma... [et al.].</subfield>
  </datafield>
  <datafield tag="246" ind1="3" ind2="0">
   <subfield code="a">Transport economics</subfield>
  </datafield>
  <datafield tag="264" ind1=" " ind2="1">
   <subfield code="a">Cheltenham, UK</subfield>
   <subfield code="b">Edward Elgar</subfield>
   <subfield code="c">c2011.</subfield>
  </datafield>
  <datafield tag="300" ind1=" " ind2=" ">
   <subfield code="a">xviii, 904 p.</subfield>
   <subfield code="b">ill.</subfield>
  </datafield>
  <datafield tag="505" ind1="1" ind2=" ">
   <subfield code="a">Introduction / André de Palma, Robin Lindsey, Emile Quinet and Roger Vickerman &#13;
&#13;
Part 1 - Transport and Spatial Economy -- General Equilibrium Models for Transportation Economics / Johannes Bröcker and Jean Mercenier -- Transport in Spatial Models of Economic Development / Michael Wegener -- New Economic Geography: The Role of Transport Costs / Miren Lafourcade and Jacques-François Thisse --Transport Costs and International Trade / Alberto Behar and Anthony J. Venables -- City Formation and Transport Costs / Takatoshi Tabuchi&#13;
&#13;
Part 2 - The Demand For Transport -- Valuation of Travel Time Savings / David A. Hensher -- Advances in Discrete Choice: Mixture Models / Joan L. Walker and Moshe Ben-Akiva -- Dynamic Traffic Modeling / André de Palma and Mogens Fosgerau -- Activity-based Travel Demand Analysis / Abdul Rawoof Pinjari and Chandra R. Bhat -- Economics of Transport Logistics / Michel Beuthe&#13;
&#13;
Part 3 - The Cost of Transport Cost Functions for Transport Firms / Leonardo J. Basso, Sergio R. Jara-Díaz and William G. Waters II -- Efficiency Measurement Theory and its Application to Airport Benchmarking / Tae Hoon Oum, Katsuhiro Yamaguchi and Yuichiro Yoshida Theory of External Costs / Stef Proost -- External Costs of Transport in the United States / Mark Delucchi and Don McCubbin -- External Costs of Transport in Europe / Rainer Friedrich and Emile Quinet -- The Value of a Statistical Life / Henrik Andersson and Nicolas Treich -- Transport and Energy / Kenneth Button -- The Full Marginal Costs of Highway Travel: Methods and Empirical Estimation for North America / Yossi Berechman, Bekir Bartin, Ozlem Yanmaz-Tuzel and Kaan Ozbay&#13;
&#13;
Part 4 - Optimal Public Decisions -- Surplus Theory / Yoshitsugu Kanemoto -- The Direct and Wider Impacts of Transport Projects: A Review / Peter Mackie, Daniel Graham and James Laird -- Price Discrimination / Simon P. Anderson and Régis Renault -- Road Congestion Pricing / Georgina Santos and Erik Verhoef -- The Economics of Information in Transport / Piet Rietveld -- Personal Intelligent Travel Assistants / Casper G. Chorus and Harry J.P. Timmermans -- Equity Dimensions of Transport Policy / Alain Trannoy -- Psychology and Rationality in User Behavior: The Case of Scarcity / Jonathan L. Gifford&#13;
&#13;
Part 5 - Competition and Regulation --  Competition, Regulation and Public Service Obligations / Marco Ponti -- The Theory of Incentives Applied to the Transport Sector / Elisabetta Iossa and David Martimort -- Public–Private Partnerships in Transport&#13;
Antonio Estache, Ellis Juan and Lourdes Trujillo -- Parking Economics / Richard Arnott -- The Industrial Organization of Competition in Local Bus Services / Philippe Gagnepain, Marc Ivaldi and Catherine Muller-Vibes -- Competition and Regulation in Rail Transport / Chris Nash -- Airport Governance and Regulation: Three Decades of Aviation System Reform / David Gillen -- Competition and Regulation in Air Transport / Anming Zhang, Yimin Zhang and Joseph A. Clougherty -- Competition and Regulation in Seaports / Hilde Meersman, Eddy Van de Voorde and Thierry Vanelslander -- Competition and Regulation in Maritime Transport / Mary R. Brooks -- Index</subfield>
  </datafield>
  <datafield tag="591" ind1=" " ind2=" ">
   <subfield code="a">Acquired through Health Policy Development Program (HPDP) research grant.</subfield>
  </datafield>
  <datafield tag="650" ind1="1" ind2="0">
   <subfield code="a">Transportation and state.</subfield>
  </datafield>
  <datafield tag="650" ind1=" " ind2="0">
   <subfield code="a">Transportation.</subfield>
  </datafield>
  <datafield tag="650" ind1=" " ind2="0">
   <subfield code="a">Transportation</subfield>
   <subfield code="x">Costs.</subfield>
  </datafield>
  <datafield tag="700" ind1="1" ind2=" ">
   <subfield code="a">de Palma, Andre</subfield>
   <subfield code="d">1952-.</subfield>
  </datafield>
  <datafield tag="905" ind1=" " ind2=" ">
   <subfield code="a">FO</subfield>
  </datafield>
  <datafield tag="950" ind1=" " ind2=" ">
   <subfield code="a">Monograph</subfield>
  </datafield>
  <datafield tag="852" ind1="0" ind2=" ">
   <subfield code="a">UPD</subfield>
   <subfield code="b">DECON</subfield>
   <subfield code="h">HE 151</subfield>
   <subfield code="i">H35 2011</subfield>
  </datafield>
  <datafield tag="942" ind1=" " ind2=" ">
   <subfield code="a">Book</subfield>
  </datafield>
 </record>
</collection>
